<?xml version="1.0" encoding="UTF-8"?>
<record
    xmlns:xsi="http://www.w3.org/2001/XMLSchema-instance"
    xsi:schemaLocation="http://www.loc.gov/MARC21/slim http://www.loc.gov/standards/marcxml/schema/MARC21slim.xsd"
    xmlns="http://www.loc.gov/MARC21/slim">

  <leader>00548nam a22001817a 4500</leader>
  <controlfield tag="005">20250227144302.0</controlfield>
  <controlfield tag="008">250225b        |||||||| |||| 00| 0 eng d</controlfield>
  <datafield tag="020" ind1=" " ind2=" ">
    <subfield code="a">9780143459941</subfield>
  </datafield>
  <datafield tag="041" ind1=" " ind2=" ">
    <subfield code="a">Eng</subfield>
  </datafield>
  <datafield tag="082" ind1=" " ind2=" ">
    <subfield code="a">158.1</subfield>
    <subfield code="b"> CHE</subfield>
  </datafield>
  <datafield tag="100" ind1=" " ind2=" ">
    <subfield code="a">Chenthamarakshan Manoj </subfield>
    <subfield code="9">211441</subfield>
  </datafield>
  <datafield tag="245" ind1=" " ind2=" ">
    <subfield code="a">25 Small Habits: Simple Daily Habits to Improve Wealth, Health and Happiness</subfield>
  </datafield>
  <datafield tag="260" ind1=" " ind2=" ">
    <subfield code="a">India</subfield>
    <subfield code="b">Penguin Business</subfield>
    <subfield code="c">2023</subfield>
  </datafield>
  <datafield tag="300" ind1=" " ind2=" ">
    <subfield code="a">85</subfield>
  </datafield>
  <datafield tag="365" ind1=" " ind2=" ">
    <subfield code="b">199.00</subfield>
    <subfield code="c">Rs.00</subfield>
  </datafield>
  <datafield tag="650" ind1=" " ind2=" ">
    <subfield code="a">Applied Psychology</subfield>
    <subfield code="v">Personal Improvement &amp; Analysis</subfield>
    <subfield code="9">211419</subfield>
  </datafield>
  <datafield tag="942" ind1=" " ind2=" ">
    <subfield code="c">BK</subfield>
  </datafield>
  <datafield tag="999" ind1=" " ind2=" ">
    <subfield code="c">365279</subfield>
    <subfield code="d">365279</subfield>
  </datafield>
  <datafield tag="952" ind1=" " ind2=" ">
    <subfield code="0">0</subfield>
    <subfield code="1">0</subfield>
    <subfield code="2">ddc</subfield>
    <subfield code="4">0</subfield>
    <subfield code="7">0</subfield>
    <subfield code="a">SOFT</subfield>
    <subfield code="b">SOFT</subfield>
    <subfield code="d">2025-02-20</subfield>
    <subfield code="e">Crossword Bookstores</subfield>
    <subfield code="g">199.00</subfield>
    <subfield code="i">KT24CSB11468</subfield>
    <subfield code="l">2</subfield>
    <subfield code="o">158.1 CHE</subfield>
    <subfield code="p">SOFT-BK-4314</subfield>
    <subfield code="r">2025-10-15 13:56:54</subfield>
    <subfield code="s">2025-09-05</subfield>
    <subfield code="t">0%</subfield>
    <subfield code="v">199.00</subfield>
    <subfield code="w">2025-02-17</subfield>
    <subfield code="y">BK</subfield>
  </datafield>
</record>
